Statistics for Disney characters beginning with the letter D

Click here to take the quiz!

General Stats

  • This quiz has been taken 43 times
  • The average score is 5 of 32

Answer Stats

Answer% Correct
Dumbo
63%
Dopey
60%
Doc
57%
Daisy Duck
51%
Donald Duck
51%
Duchess
29%
David
20%
Darling
17%
Dodger
17%
Dale
14%
Dewey
14%
Drizella Tremaine
14%
Danny
11%
Denahi
11%
Duke
11%
Diablo
9%
Dallben
6%
Danielle
6%
Darby
6%
DeSoto
6%
Dex Barrington
6%
Dinky
6%
Dixie
6%
Djali
6%
Doli
6%
Doris
6%
Dr. Jumba
6%
Duckworth
6%
Duncan
6%
The dodo
6%
Demitrius
0%
Duke of Wesleton
0%

Score Distribution

Percentile by Number Answered

Percent of People with Each Score

Your Score History

You have not taken this quiz